| 000 | 04204 a2200229 4500 | ||
|---|---|---|---|
| 001 | 45546 | ||
| 005 | 20260407155728.0 | ||
| 008 | 260407a1959 arg spa d | ||
| 003 | AR-UNSa-BCEJYS | ||
| 040 |
_aAR-UNSa-BCEJYS _bspa _cAR-UNSa-BCEJYS |
||
| 080 |
_a330.14 _xCapital |
||
| 245 | 1 | 0 |
_aEl Capital _pcrítica de la economía política |
| 250 | _a2a. ed. | ||
| 264 | 1 |
_aMéxico : _bFondo de Cultura Económica _c1959 |
|
| 300 |
_a3 v. (xxxix, 769; 527 ; 953 p.) _c21 cm. |
||
| 505 | _aVol. 1: El proceso de producción del capital: Sección Primera: Mercancía y dinero: 1. La Mercancía – 2. El proceso del cambio – 3. El dinero o la circulación de mercancías – Sección Segunda: La transformación del dinero en capital: 4. Cómo se convierte el dinero en capital – Sección Tercera: La producción de la plusvalía absoluta: 5. Proceso de trabajo y proceso de valorización – 6. Capital constante y capital variable – 7. La cuota de plusvalía – 8. La jornada de trabajo – 9. Cuota y masa de plusvalía – Sección Cuarta: La producción de la plusvalía relativa: 10. Concepto de la plusvalía relativa – 11. Cooperación – 12. División del trabajo y manufactura – 13. Maquinaria y gran industria – Sección Quinta: La producción de la plusvalía absoluta y relativa: 14. Plusvalía absoluta y relativa – 15. Cambios de magnitudes del precio de la fuerza de trabajo y de la plusvalía – 16. Diversas fórmulas para expresar la cuota de plusvalía – Sección Sexta: El salario: 17. Cómo el valor o precio de la fuerza de trabajo se convierte en salario – 18. El salario por tiempo – 19. El salario por piezas – 20. Diferencias nacionales en los salarios – Sección Séptima: El proceso de acumulación del capital: 21. Reproducción simple – 22. Conversión de la plusvalía en capital – 23. La ley general de la acumulación capitalista – 24. La llamada acumulación originaria – 25. La moderna teoría de la colonización – Vol. 2: El proceso de circulación del capital: Sección Primera: Las metamorfosis del capital y su ciclo: 1. El ciclo del capital- dinero – 2. El ciclo del capital productivo – 3. El ciclo del capital – mercancías – 4. Las tres fórmulas del proceso cíclico – 5. El tiempo de circulación – 6. Los gastos de circulación – Sección Segunda: La rotación del capital: 7. Tiempo de rotación y número de rotaciones – 8. Capital fijo y capital circulante – 9. La rotación global del capital desembolsado. Ciclos de rotación – 10. Teorías sobre el capital fijo y el capital circulante. Los fisiócratas y Adam Smith – 11. Teorías sobre el capital fijo y el capital circulante, Ricardo – 12. El período de trabajo – 13. El tiempo de producción – 14. El tiempo de circulación – 15. Cómo influye y tiempo de rotación en la magnitud del capital desembolsado – 16. La rotación del capital variable – 17. La circulación de la plusvalía – Sección Tercera: La reproducción y circulación del capital social en conjunto: 18. Introducción – 19. Estudios anteriores sobre el tema – 20. Reproducción simple – 21. La acumulación y la reproducción en escala ampliada – Vol. 3: El proceso de producción capitalista, en su conjunto: Sección Primera: La transformación de la plusvalía en ganancia y de la cuota de plusvalía en cuota de ganancia – Sección Segunda: Cómo se convierte la ganancia en ganancia media – Sección Tercera: Ley de la tendencia decreciente de la cuota de ganancia – Sección Cuarta: Cómo se convierte el capital-mercancías y el capital-dinero en capital-mercancías y capital-dinero de comercio (capital comercial) – Sección Quinta: Desdoblamiento de la ganancia en interés y ganancia de empresario. El capital a interés – Sección Quinta: Desdoblamiento de la ganancia en interés y ganancia de empresario. El capital a interés (continuación) – Sección Sexta: Cómo se convierte la ganancia extraordinaria en renta del suelo – Sección Séptima: Las rentas y sus fuentes - | ||
| 041 | _aspa | ||
| 942 | _cBK | ||
| 590 | _aniveau_biblio:m niveau_hierar:0 | ||
| 100 | 1 | _aMarx, Carlos | |
| 700 | 1 | _aRoces, Wenceslao | |
| 999 |
_c3962 _d3962 |
||